Estadísticas para Países del Mundo

Haz click aquí para tomar la prueba!

Estadísticas generales

  • Esta prueba ha sido tomada 363,630 veces
  • La puntuación promedio es 105 de 196

Estadísticas de respuestas

País % Correcto
México
96%
Estados Unidos
96%
Brasil
95%
Canadá
95%
Argentina
95%
España
95%
Francia
94%
Chile
94%
China
94%
Rusia
93%
Italia
93%
Perú
91%
Colombia
91%
Japón
91%
Australia
91%
Alemania
91%
Portugal
90%
Cuba
89%
Uruguay
88%
Venezuela
88%
Paraguay
87%
India
87%
Ecuador
86%
Reino Unido
86%
Bolivia
86%
Egipto
84%
Suecia
82%
Panamá
82%
Irlanda
81%
Grecia
80%
Suiza
80%
Corea del Norte
79%
Sudáfrica
79%
Corea del Sur
79%
Noruega
77%
Irán
77%
Finlandia
76%
Marruecos
76%
Madagascar
75%
Turquía
75%
Costa Rica
75%
Países Bajos
75%
Polonia
75%
Irak
75%
Dinamarca
74%
Islandia
74%
Guatemala
74%
Honduras
73%
Nueva Zelanda
72%
Mongolia
72%
Haití
71%
Bélgica
71%
Arabia Saudita
70%
Israel
68%
República del Congo
68%
República Democrática
del Congo
68%
Ucrania
68%
El Salvador
68%
Austria
67%
Nicaragua
67%
República Dominicana
67%
Guyana
65%
República Checa
65%
Lituania
64%
Estonia
63%
Níger
63%
Pakistán
63%
Croacia
63%
Rumania
62%
Indonesia
62%
Belice
62%
Argelia
62%
Afganistán
61%
Vietnam
60%
Letonia
60%
Filipinas
60%
Jamaica
60%
Tailandia
58%
Surinam
58%
Libia
57%
Hungría
57%
Bielorrusia
57%
Eslovaquia
55%
Sudán
55%
Siria
55%
Bulgaria
54%
Serbia
54%
Etiopía
54%
Somalia
53%
Kazajistán
53%
Yemen
52%
Eslovenia
52%
Nigeria
52%
Nepal
51%
Luxemburgo
51%
Túnez
51%
Emiratos Árabes
Unidos
51%
Bosnia y Herzegovina
51%
Albania
51%
Kenia
50%
Guinea
50%
Montenegro
49%
Angola
49%
Andorra
49%
Costa de Marfil
48%
Ciudad del Vaticano
48%
Camerún
48%
Malasia
48%
Chipre
48%
Omán
47%
Bahamas
47%
Chad
47%
Macedonia del Norte
46%
Taiwán
46%
Laos
45%
Mónaco
44%
Sri Lanka
44%
Malí
44%
Malta
43%
Armenia
43%
Catar
43%
Jordania
43%
Camboya
42%
Ghana
42%
Trinidad y Tobago
42%
Líbano
41%
Georgia
41%
Uzbekistán
41%
Papua Nueva Guinea
41%
Tanzania
41%
Moldavia
40%
Mozambique
40%
Senegal
40%
Mauritania
39%
Myanmar
38%
Bangladés
38%
San Marino
38%
Zambia
37%
Kosovo
37%
Azerbaiyán
37%
Kuwait
36%
Singapur
36%
Sudán del Sur
36%
Uganda
36%
Namibia
36%
Barbados
36%
Togo
36%
Dominica
35%
Cabo Verde
35%
Guinea Ecuatorial
35%
República
Centroafricana
35%
Liberia
34%
Ruanda
34%
Botsuana
33%
Turkmenistán
33%
Bután
33%
Antigua y Barbuda
33%
Sierra Leona
33%
Eritrea
33%
Lesoto
32%
Mauricio
31%
Estados Federados
de Micronesia
31%
Gabón
30%
Zimbabue
30%
Liechtenstein
30%
Kirguistán
29%
Fiyi
29%
Burkina Faso
29%
Granada
29%
Guinea-Bissau
29%
Gambia
28%
Santa Lucía
28%
Burundi
27%
Tayikistán
27%
Benín
27%
Islas Salomón
26%
Maldivas
26%
Islas Marshall
26%
Malaui
26%
Seychelles
26%
Brunéi
25%
Suazilandia
25%
San Vicente y las
Granadinas
25%
Tonga
24%
Samoa
24%
Baréin
23%
Vanuatu
23%
San Cristóbal y Nieves
23%
Kiribati
22%
Tuvalu
22%
Yibuti
22%
Santo Tomé y Príncipe
21%
Palaos
21%
Comoras
21%
Timor Oriental
21%
Nauru
19%

Distribución de puntuación

Porcentaje por número respondido

Porcentaje de gente con cada puntuación

Historial de tus puntuaciones

No has tomado esta prueba